000 01321nam a2200301Ia 4500
001 1875
003 IT-RoPAU
008 130308s9999 xx 000 0 und d
040 _aIT-RoPAU
040 _cIT-RoPAU
041 _aFRANCESE
100 _aDamisch Hubert
100 _gCodice Aut. SPICS: 11660
245 _aTheorie du nuage-Pour une histoire de la peinture
245 _bTheorie Du Nuage-Pour Une Histoire de la Peinture
250 _a1a ed.
260 _aPARIS
260 _bSeuil
260 _c1972 [1° Ed.:1972 - Ed.Ling.Originale:1972]
300 _a"344 p. (prefazione: no ; testo: 344)"
500 _aTeoria della nube per una Storia della Pittura Segno e Sintomo Spazio e Luce Concetti Segni e figure Macchina e sogno Movimento fantasmi Norma e variazione Errore Normale e Patologico Segno e rappresentazione Iconomistica immagini Estasi e Trasporti Codice Ierofanico Segni e Simboli Scrittura Segno e rappresentazione Teatro della Pittura Oggetto della rappresentazione Ripetizione e sostituzione Spazio Sintattico Superficie e Segni Potenze del Contenuto Stile e Teoria Cielo e terra Semiologia e Sociologia Scienza Pittura Tabu' dell'Infinito
650 _aSAGGI DI PITTURA
650 _eCodice materia Spics: 5211
942 _cBK
957 _71
999 _c69039
_d69039
999 _bSI
999 _g1